000 00393nam a2200169Ia 4500
008 221030s9999 xx 000 0 und d
020 _a812241267X
041 _aEnglish
082 _a105.23
_bJai
100 _aM. Jain
245 0 _aComputer Organization & Architecture
260 _bBPBPub
_aNew Delhi
_c2002
300 _a302
650 _aComputers
700 _aV. Pillai
942 _cBK
999 _c1340
_d1340